Catálogo público

Consideraciones para preparar ganado cebú para exposición ganadera / (Record no. 220854)

MARC details
000 -CABECERA
campo de control de longitud fija 03328nam a2200337 a 4500
003 - IDENTIFICADOR DEL NÚMERO DE CONTROL
campo de control OSt
005 - FECHA Y HORA DE LA ÚLTIMA TRANSACCIÓN
campo de control 20250924112309.0
007 - CAMPO FIJO DE DESCRIPCIÓN FÍSICA--INFORMACIÓN GENERAL
campo de control de longitud fija cr ||||||a|a|a
008 - DATOS DE LONGITUD FIJA--INFORMACIÓN GENERAL
campo de control de longitud fija 250826s2025 mx a|||fom||| 001 0 spa d
040 ## - FUENTE DE LA CATALOGACIÓN
Normas de descripción rda
100 1# - ENTRADA PRINCIPAL--NOMBRE DE PERSONA
Nombre de persona Cárdenas Hernández, Brayan Imberlai
9 (RLIN) 190975
245 10 - MENCIÓN DE TÍTULO
Título Consideraciones para preparar ganado cebú para exposición ganadera /
Mención de responsabilidad, etc. por Brayan Imberlai Cárdenas Hernández; director de tesis José Luis Zaragoza Ramírez; secretario José Melquiades Monzón Armenta; vocal José Ayala Oseguera; suplente Melitón Córdoba Álvarez; suplente Pedro Arturo Martínez Hernández.
264 #1 - PRODUCCIÓN, PUBLICACIÓN, DISTRIBUCIÓN, FABRICACIÓN Y COPYRIGHT
Producción, publicación, distribución, fabricación y copyright Chapingo, México :
Nombre del de productor, editor, distribuidor, fabricante El autor,
Fecha de producción, publicación, distribución, fabricación o copyright 2025.
300 ## - DESCRIPCIÓN FÍSICA
Extensión 1 recurso en línea (65 páginas):
Otras características físicas cuadros, figuras.
336 ## - TIPO DE CONTENIDO
Fuente rdacontent
Término de tipo de contenido texto
Código de tipo de contenido txt
337 ## - TIPO DE MEDIO
Fuente rdamedia
Nombre/término del tipo de medio computadora
Código del tipo de medio c
338 ## - TIPO DE SOPORTE
Fuente rdacarrier
Nombre/término del tipo de soporte recurso en línea
Código del tipo de soporte cr
502 ## - NOTA DE TESIS
Tipo de título Ingeniero Agrónomo Especialista en Zootecnia
Nombre de la institución que otorga el título Departamento de Enseñanza, Investigación y Servicio en Zootecnia,
Año de obtención del título 2025.
Información miscelánea Licenciatura
504 ## - NOTA DE BIBLIOGRAFÍA, ETC.
Nota de bibliografía, etc. Incluye referencias bibliográficas:35-36 páginas .
520 ## - SUMARIO, ETC.
Sumario, etc. Los objetivos fueron hacer una breve revisión sobre el proceso de mansedumbre de bovinos de raza Cebú y presentar resultados de su aplicación en tres razas de ganado Cebú, Guzerat, Gyr y Nelore, del Rancho “La Trinidad”, Roberto Barrios, Mapastepec, Chiapas, preparados para ser exhibidos en ferias ganaderas. Cinco bovinos de raza Guzerat, cinco de raza Nelore y cuatro de raza Gyr fueron expuestos a un proceso de mansedumbre para aumentar su nivel de docilidad al ser presentados en la feria ganadera local y regional. El proceso de mansedumbre es complejo y debe ser bien entendido por el entrenador, debido a que incluye actividades como lazado de animales con soga, acercamiento del entrenador, baño de animales, tocamiento y caricias al cuerpo del animal, alimentación en pesebre y agua de bebida ad libitum. Lo resultados se evalúan en escala de 5 puntos propuesta por Hammond et al., (1996). En el rancho, el trabajo de mansedumbre logró que los bovinos Guzerat y Gyr fueran más dóciles que los bovinos Nelore, los cuales resultaron ser más temperamentales. Todos los bovinos fueron alimentados con una mezcla balanceada, la cual causó aumento en el peso vivo de todos los bovinos. Los bovinos Guzerat ganaron más peso (18.750 kg) que los de la raza Gyr y Nelore (P < 0.05). La ganancia de peso por día para animales Guzerat fue mayor en 0.522 y 0.367 kg que el grupo de animales Gyr y Nelore (p < 0.05), respectivamente. El grupo de bovinos de la raza Gyr fueron lo menos pesados y tuvieron la menor ganancia de peso por semana y por día. La ganancia de peso acumulado por semana fue de 15.357, 11.812 y 12.419 kg para Guzerat, Gyr y Nelore, sin diferencia entre razas (p > 0.05).
650 #4 - PUNTO DE ACCESO ADICIONAL DE MATERIA--TÉRMINO DE MATERIA
Término de materia o nombre geográfico como elemento de entrada Ganado cebú
Subdivisión general Mansedumbre
9 (RLIN) 191231
650 #4 - PUNTO DE ACCESO ADICIONAL DE MATERIA--TÉRMINO DE MATERIA
Término de materia o nombre geográfico como elemento de entrada Ganado cebú
Subdivisión general Alimentación
9 (RLIN) 191232
650 #4 - PUNTO DE ACCESO ADICIONAL DE MATERIA--TÉRMINO DE MATERIA
Término de materia o nombre geográfico como elemento de entrada Ganado cebú
Subdivisión general Peso
9 (RLIN) 45059
700 1# - PUNTO DE ACCESO ADICIONAL--NOMBRE DE PERSONA
Nombre de persona Zaragoza Ramírez, José Luis
9 (RLIN) 123684
Término indicativo de función/relación director.
700 1# - PUNTO DE ACCESO ADICIONAL--NOMBRE DE PERSONA
Nombre de persona Monzón Armenta, José Melquiades
9 (RLIN) 78028
Término indicativo de función/relación secretario.
700 1# - PUNTO DE ACCESO ADICIONAL--NOMBRE DE PERSONA
Nombre de persona Ayala Oseguera, José
9 (RLIN) 8966
Término indicativo de función/relación vocal.
700 1# - PUNTO DE ACCESO ADICIONAL--NOMBRE DE PERSONA
Nombre de persona Córdoba Álvarez, Melitón
9 (RLIN) 27815
Término indicativo de función/relación suplente.
700 1# - PUNTO DE ACCESO ADICIONAL--NOMBRE DE PERSONA
Nombre de persona Martínez Hernández, Pedro Arturo
9 (RLIN) 72165
Término indicativo de función/relación suplente.
856 ## - LOCALIZACIÓN Y ACCESO ELECTRÓNICOS
Identificador Uniforme del Recurso http://10.13.5.2/tesis/tl/1910301-8_CARDENAS_HERNANDEZ_BRAYAN%20IMBERLAI.pdf
Nota pública DESCARGAR PDF
942 ## - ELEMENTOS DE PUNTO DE ACCESO ADICIONAL (KOHA)
Fuente del sistema de clasificación o colocación Clasificación Universidad Autónoma Chapingo
Tipo de ítem Koha Tesis digital
Holdings
Estado de retiro Estado de pérdida Fuente del sistema de clasificación o colocación Estado dañado Restricciones de uso No para préstamo Código de colección Localización permanente Ubicación/localización actual Ubicación en estantería Fecha de adquisición Total de préstamos Signatura topográfica completa Fecha visto por última vez Precio válido a partir de Tipo de ítem Koha
    Clasificación Universidad Autónoma de Chapingo   Préstamo interno   Tesis digitales de Licenciatura Biblioteca Digital Biblioteca Digital En línea 26/08/2025   Tesis digital 26/08/2025 26/08/2025 Tesis digital